00000000nam##2200000za#4500
0019.688233
003CaOODSP
00520210929082800
007cr |||||||||||
008150407|2005||||xxc|||||o    f|0| 0 eng|d
040 |aCaOODSP|beng
043 |an-cn---
0861 |aFo42-327/2005E-PDF
1101 |aCanada. |bNatural Resources Canada. |bCanadian Forest Service.
24510|aFirst Nations Forestry Program success stories |h[electronic resource]
260 |aOttawa - Ontario : |bNatural Resources Canada. |c2005.
300 |a104p.|bfigs., tables, photographs
5203 |aThe First Nations Forestry Program projects reported on in this compendium represent First Nations accomplishments in various forest-related activities across Canada. Each project has qualities that make it unique in its own right. Most importantly, they provide examples of specific activities that may be of value to First Nations who wish to develop similar projects or who wish to gain some insight into forest-related endeavors and opportunities. Each story provides the name of a contact person for those interested in following up for further information.
590 |a06-11|b2006-03-17
69007|aIndigenous programs|2gcpds
69007|aForestry|2gcpds
77508|tProgramme Forestier des Premières nations exemples de succès |w(CaOODSP)9.632665
7760#|tFirst Nations Forestry Program success stories |w(CaOODSP)9.649718
85640|ahttp://publications.gc.ca|qPDF|s8724 KB|uhttps://publications.gc.ca/collections/Collection/Fo42-327-2005E.pdf